| Tag |
First Indicator |
Second Indicator |
Subfields |
| LEADER |
00000pam a2200000 i 4500 |
| 001 |
in00000508312 |
| 005 |
20151013061836.0 |
| 008 |
760127s1976 maua b 00110 eng |
| 010 |
|
|
|a 75032482
|
| 020 |
|
|
|a 087023207X :
|c $10.00
|
| 035 |
|
|
|a (OCoLC)02005432
|
| 035 |
|
|
|9 ACD1380AM
|
| 040 |
|
|
|a DLC
|c DLC
|d TXA
|d UtOrBLW
|
| 043 |
|
|
|a n-us---
|
| 049 |
|
|
|a TXAM
|c [1552142]
|
| 050 |
0 |
0 |
|a BJ1611
|b .B877
|
| 082 |
0 |
|
|a 131/.32
|
| 100 |
1 |
|
|a Burns, Rex.
|
| 245 |
1 |
0 |
|a Success in America :
|b the yeoman dream and the industrial revolution /
|c Rex Burns.
|
| 264 |
|
1 |
|a Amherst :
|b University of Massachusetts Press,
|c 1976.
|
| 300 |
|
|
|a x, 212 pages :
|b illustrations ;
|c 24 cm.
|
| 336 |
|
|
|a text
|b txt
|2 rdacontent
|
| 337 |
|
|
|a unmediated
|b n
|2 rdamedia
|
| 338 |
|
|
|a volume
|b nc
|2 rdacarrier
|
| 500 |
|
|
|a Includes index.
|
| 504 |
|
|
|a Bibliography: pages 195-206.
|
| 650 |
|
0 |
|a Success.
|
| 650 |
|
0 |
|a Success in literature.
|
| 651 |
|
0 |
|a United States
|x Social conditions.
|
| 999 |
|
|
|a MARS
|
| 999 |
f |
f |
|s 666aa2e4-35a4-3eba-855f-76718b7e605a
|i 55804c87-b997-37dc-acc7-2b36818b13e2
|t 0
|
| 952 |
f |
f |
|p ric
|a Texas A&M University
|b Rellis Campus
|c Joint Library Facility
|d Remote Storage
|t 0
|e BJ1611 .B877
|h Library of Congress classification
|i unmediated -- volume
|m A14801725391
|
| 998 |
f |
f |
|a BJ1611 .B877
|t 0
|l Remote Storage
|